Citizen science and citizen engagement Achievements in Horizon 2020 and recommendations on the way forward /

Detalles Bibliográficos
Autor principal: Delaney, Niamh
Otros Autores: Tornasi, Zeno, Warin, Colombe
Formato: eBook
Lenguaje:inglés
Publicado: Bruselas: European Union Publications Office, 2020
Materias:
Acceso en línea:Acceso restringido

MARC

LEADER 00000nam a22000007a 4500
005 20211229101535.0
007 cr|||| ||||
008 211229s2020 eu |||||s||||i00||0 eng d
020 |a 978-92-76-17928-3 
035 |a 33986 
040 |a vLex 
090 |c 12787  |d 12787 
100 1 |a Delaney, Niamh 
245 1 0 |a Citizen science and citizen engagement  |h [Recurso electrn̤ico] :  |b Achievements in Horizon 2020 and recommendations on the way forward /  |c Niamh Delaney, Zeno Tornasi, Colombe Warin 
256 |a Servicio en ln̕ea 
260 |a Bruselas:  |b European Union Publications Office,  |c 2020 
300 |a 1 recurso electrn̤ico 
500 |a Inclusiveness on all levels underpins SwafS. We need science education for all, gender equality in our organisations, ethics and integrity embedded in research, communication we can trust, open science and ultimately place citizens at the core to ensure excellent Research and Innovation to tackle the challenges of today for a better future. Europe can only thrive by matching the immense potential of science with the values, needs, and aspirations of society. Horizon Europe must strengthen efforts to tap into the vast potential citizens have to offer and ensure effective cooperation between science and society. This document reports on the Horizon 2020 Science with and for Society (SwafS), citizen science and citizen engagement project portfolio results. 
506 1 |a Disponible solo en los productos indicados  |d vLex Global  |d vLex Global (Academic Edition, excluding Law Schools)  |d vLex Global (U.S. Academic Edition, Law Schools)  |d vLex Global (U.S. Academic Edition, excluding Law Schools)  |d vLex Global (Academic Edition, Law Schools) 
650 0 4 |a Derecho Comunitario  |z Unin̤ Europea 
700 1 |a Tornasi, Zeno 
700 1 |a Warin, Colombe 
740 0 |a vLex Libros (Servicio en ln̕ea) 
856 4 0 |u https://app.vlex.com/#/sources/33986  |z Acceso restringido 
942 |c BOOK 
999 0 |a Community Law